000 01275nam a22004217a 4500
001 BR8202481
003 BR-BrBNA
005 20230928091314.0
007 ta
008 230509b bl.||||| |||| 00| 0 por d
040 _aBR-BrBNA
_bpor
_cBiblioteca Nacional de Agricultura
041 _a(Por)
072 _aA50; F00; L00
_b1126
_b0150
_b1112
_b0230
_b1410
_b1300
_b1540
_b0120
_b0170
_b5212
_b6000
_b8310
_b8180
_b/G514
090 _ 1126 BR8202481
110 1 _aEmpresa de Pesquisa Agropecuaria do Estado do Rio de Janeiro, Niteroi (Brasil)
245 1 _aPesquisa agropecuaria no estado do Rio de Janeiro. Relatorio de atividades 1981 [Empresa de Pesquisa Agropecuaria do Estado do Rio de Janeiro, Brasil]
260 3 _aNiteroi, RJ (Brasil):
_c1982.
300 _a40 p.
650 _aPESQUISA AGRICOLA
650 _aPESQUISA PECUARIA
650 _aABACAXI
650 _aARROZ
650 _aBANANA
650 _aCANA DE ACUCAR
650 _aFEIJAO
650 _aHORTALICA
650 _aMANDIOCA
650 _aMILHO
650 _aSORGO
650 _aBOVINO
650 _aAVE DOMESTICA
650 _aATUM
650 _aCAMARAO
650 _aINSTITUICAO DE PESQUISA
650 _aRIO DE JANEIRO
909 _a202309
_bLucia
_c55
_dLucia Elande
942 _cBK
999 _c33299
_d33299